00535nam a2200205 a 450000100060000000300090000600800410001502000150005604000280007108200180009910000190011724500220013626000540015830000080021265000250022065000240024565000340026965000150030365000110031811909CO-ViMGA141112s2004 ck r 000 u spa d a0948075783 aCO-ViMGAbspacCO-ViMGA04a641.8653 L63e1 aLodge, Nicolas10aArte del Azúcar aLondres, cEdiciones Internacional Zamora, c1999 a3V.14aDECORACION DE TORTAS14aHORNERIA - MANUALES14aPASTELES - FORMULAS - RECETAS14aPASTILLAJE14aTORTAS